| 000 | 00432 a2200121 4500 | ||
|---|---|---|---|
| 100 | 1 |
_aLonginov, A.S.. _eAutor |
|
| 700 | 1 |
_aStarikov, V.I.. _eAutor |
|
| 245 | 0 |
_aNizegorodskaja radiolaboratorija : _b/Ocerki o sovetskich ucenych/ / _cLonginov A.S., Starikov V.I.. |
|
| 710 | 2 |
_aZnanie. _eWydawca _4pbl |
|
| 260 |
_aMoskva : _bZnanie, _c1979. |
||
| 300 |
_a61 s.; _c25 cm. |
||
| 490 | 1 | _aTraffic Research and Planning. | |
| 830 | 0 | _aTraffic Research and Planning. | |
| 999 |
_c9599 _d9599 |
||